• 首页
  • 本馆介绍
  • 公告通知
  • 最新文献
  • 馆藏检索
  • 电子资源
  • 读者导购
  • 参考咨询
  • 我的图书馆
  • 登录
  • 详细信息显示
  • 放入我的书架
  • 预约/预借图书
  • 作者相关作品
  • 分类相关作品
  • 丛书相关作品
  • 出版社相关作品

书目信息

  • 表格格式
  • 工作单格式
  • 卡片格式
题名:
骨折·拉伤·劳损
    
 
作者: 张志廉 编著
分册:  
出版信息: 北京   人民体育出版社  1992.9
页数: 102页
开本: 19cm
丛书名: 体育科普丛书
单 册:
中图分类: R873
科图分类: 64.448
主题词: 运动性疾病-损伤--防治 , 损伤-运动性疾病--防治
电子资源:
ISBN: 7-5009-0780-X
000 00957nam2 2200277 45
001 0193001981
005 20070714110940.25
010    @a7-5009-0780-X@dCNY1.80
100    @a19930107d1992 em y0chiy0121 ea
101 0  @achi
102    @aCN@b110000
105    @ay z 000yy
200 10 @a骨折·拉伤·劳损@AGU ZHE LA SHANG LAO SUN@e运动创伤防治@EYUN DONG CHUANG SHANG FANG ZHI@f张志廉等编著@FZHANG ZHI LIAN DENG BIAN ZHU
210    @a北京@c人民体育出版社@d1992.9
215    @a102页@d19cm
225 2  @a体育科普丛书@f迟美林,高 虎主编
330    @a本书介绍了常见的运动损伤养的防治处理和伤后训练方法。
410  0 @120010@a体育科普丛书
540 1  @a骨折 拉伤 劳损 运动 创伤@AGU ZHE LA SHANG LAO SUN YUN DONG CHUANG SHANG
606    @a运动性疾病-损伤@x防治
606    @a损伤-运动性疾病@x防治
690    @aR873@v三版
692    @a64.448
701  0 @a张志廉@AZHANG ZHI LIAN@4编著
801  0 @aCN@bTSSF@c20070714
905    @a10447@dR873@e12
    
    骨折·拉伤·劳损:运动创伤防治/张志廉等编著.-北京:人民体育出版社,1992.9
    102页;19cm.-(体育科普丛书/迟美林,高 虎主编)
    
    
    ISBN 7-5009-0780-X:CNY1.80
    本书介绍了常见的运动损伤养的防治处理和伤后训练方法。
●
相关链接 在E读中查询图书 在五车中查询图书 在当当中查询图书 在豆瓣中查询图书


正题名:骨折·拉伤·劳损     索取号:R873/12         预约/预借

序号 登录号 条形码 馆藏地/架位号 状态 备注
1 0768673   207686734   第二样本阅览室/ [索取号:R873/12] 在馆    
唐山师范学院图书馆 欢迎您!
大连网信软件有限公司© 版权所有